| 000 | 01016nam a2200241 u 4500 | ||
|---|---|---|---|
| 005 | 20220811125825.0 | ||
| 008 | 160912s2014 mx r 000 0 spa d | ||
| 020 | _a9786072803015 (UAM) | ||
| 020 | _a9786077112488 (Juan Pablos) | ||
| 035 | _aUPN01000213137 | ||
| 049 | _aCG | ||
| 050 | 4 |
_aHN110.5 A4.4 _bA3.7 |
|
| 245 | 0 | 0 |
_aActores sociales, violencias y luchas de emancipación : _blecturas desde una antropología crítica / _ccoord. Margarita del Carmen Zárate Vidal. |
| 260 |
_aMéxico : _bUAM-Iztapalapa, División de Ciencias Sociales y Humanidades, Departamento de Sociología : _bJuan Pablos, _c2014. |
||
| 300 |
_a242 p. : _bcuadros |
||
| 440 | 0 |
_aBiblioteca de alteridades ; _v35 |
|
| 650 | 4 |
_aMovimientos sociales _zAmérica Latina _vCongresos _925403 |
|
| 651 | 4 |
_aAMERICA LATINA - _xCONDICIONES SOCIALES - _vCONGRESOS _96818 |
|
| 650 | 4 |
_aREFORMADORES SOCIALES - _zAMERICA LATINA - _vCONGRESOS _925404 |
|
| 700 | 1 |
_aZárate Vidal, Margarita del Carmen, _ecoord. |
|
| 905 | _aLibro | ||
| 999 |
_c185237 _d185237 |
||